000 00493nam a22001932 4500
001 0000002710
005 20170406114434.0
008 140331s xx 000 0 eng d
020 _c$
040 _aYour Holding Symbol
_cYour Holding Symbol
100 1 _aStrick,J C.
245 1 0 _aCanadian public finance.
250 _a3rd ed.
260 _aTORONTO :
_bHolt,
_c1985.
300 _a221 p. ;
_c cm.
504 _aINDEX.
650 0 _aFinance public.
908 _a140331
999 _c2596
_d2596